000 00600cam4a220019300 4500
001 qce02036899
005 20190822121940.0
008 831006s1982 ja a 001 0 eng d
035 _a(Sirsi) r52329
035 _a(QCAT)lss03897638
035 _a(UPRA)qce02036899
040 _dUPRA
100 1 _aSparnon, Norman J.
_6A10854.1
245 1 0 _aCreative Japanese flower arrangement /
_cNorman Sparnon.
260 _aTokyo, Japan :
_bShufunotomo Co.,
_c1982.
650 0 _aFlower arrangement, Japanese.
_6S7232.1
949 _aSB449
_wlcc
_i33729001917850
_mMAIN
_p2500
_tBOOK
_lON-SHELF
004 52329
999 _c135309
_d135309